000 00266nam a2200097Ia 4500
008 220204s9999 xx 000 0 und d
082 _a954
_bEIG
245 0 _aEighteenth year of freedom, 1964-65
260 _aNew Delhi
_bAll India Congress Committee
_c1964
942 _cBK
999 _c20726
_d20726